大阪府の警察署 - Statistics

General Stats
  • This quiz has been taken 8 times
  • The average score is 50 of 66
Answer Stats
Answer % Correct
此花
100%
城東
100%
天王寺
100%
浪速
100%
西
100%
西成
100%
西淀川
100%
100%
東成
100%
東淀川
100%
淀川
100%
泉大津
100%
泉佐野
100%
貝塚
100%
交野
100%
河内
100%
河内長野
100%
吹田
100%
高石
100%
高槻
100%
豊中
100%
寝屋川
100%
枚方
100%
守口
100%
八尾
100%
阿倍野
86%
住之江
86%
住吉
86%
大正
86%
東住吉
86%
86%
池田
86%
和泉
86%
茨木
86%
柏原
86%
門真
86%
岸和田
86%
摂津
86%
泉南
86%
豊能
86%
布施
86%
箕面
86%
平野
71%
都島
71%
71%
四條畷
71%
富田林
71%
羽曳野
71%
枚岡
71%
57%
生野
57%
福島
57%
57%
松原
57%
曽根崎
43%
鶴見
43%
天満
29%
関西空港
29%
大阪水上
14%
大淀
14%
北堺
14%
豊中南
14%
中堺
14%
西堺
14%
南堺
14%
黒山
0%
No matching quizzes found
Score Distribution
Percent of People with Each Score
Percentile by Number Answered
Your Score History
You have not taken this quiz